[Event "Oberbayern Bezirksliga 1617"]
[Site "Germany"]
[Date "2016.11.20"]
[Round "2.3"]
[White "Litzka, Matthias"]
[Black "Guzsvany, Arpad"]
[Result "1/2-1/2"]
[WhiteElo "2074"]
[BlackElo "2143"]
[PlyCount "134"]
[EventDate "2016.10.16"]
[EventType "team-tourn"]
[EventRounds "9"]
[EventCountry "GER"]
[SourceTitle "EXT 2019"]
[Source "ChessBase"]
[SourceDate "2018.10.10"]
[SourceVersion "1"]
[SourceVersionDate "2018.10.10"]
[SourceQuality "1"]
[WhiteTeam "Starnberg"]
[BlackTeam "Ebersberg Grafing"]
[WhiteTeamCountry "GER"]
[BlackTeamCountry "GER"]

1. d4 d5 2. Nf3 Nf6 3. c4 c6 4. Qc2 dxc4 5. Qxc4 Bf5 6. g3 e6 7. Bg2 Nbd7 8. 0-0 Be7 9. e3 Ne4 10. Rd1 h5 11. Nfd2 Ndf6 12. Nxe4 Nxe4 13. f3 Nd6 14. Qe2 Bxb1 15. Rxb1 Nf5 16. Bd2 Qb6 17. Be1 Rd8 18. Bf2 Bf6 19. Rd3 Qa6 20. Qc2 Be7 21. e4 Nh6 22. a3 0-0 23. Bf1 Qa5 24. Be3 Bg5 25. f4 Bf6 26. h3 Kh8 27. b4 Qc7 28. b5 Qd7 29. bxc6 bxc6 30. Qc4 Ng8 31. Be2 g6 32. g4 h4 33. g5 Bg7 34. Rc1 Ne7 35. Rb1 Rb8 36. Rdb3 Rxb3 37. Rxb3 Rd8 38. Rb4 Qc7 39. Qc5 Kg8 40. Ra4 Nc8 41. Bf3 Bf8 42. Qc3 Qb6 43. Rc4 Qb1+ 44. Qc1 Qxc1+ 45. Rxc1 Bxa3 46. Rxc6 Nb6 47. Rc2 Rc8 48. Rxc8+ Nxc8 49. Kf2 Bb4 50. Ke2 a5 51. Kd3 a4 52. Bd1 a3 53. Bb3 Be1 54. Bc1 Bb4 55. Kc4 Be7 56. Bd2 Kg7 57. Be1 f6 58. gxf6+ Bxf6 59. Kd3 Kf7 60. f5 gxf5 61. exf5 Na7 62. fxe6+ Ke8 63. Bb4 Be7 64. Kc4 Bxb4 65. Kxb4 Ke7 66. Kxa3 Nb5+ 67. Kb4 Nxd4 1/2-1/2

[Event "Oberbayern Bezirksliga 1617"]
[Site "Germany"]
[Date "2016.10.16"]
[Round "1.2"]
[White "Richter, Martin1111"]
[Black "Guzsvany, Arpad"]
[Result "1/2-1/2"]
[WhiteElo "2025"]
[BlackElo "2143"]
[PlyCount "143"]
[EventDate "2016.10.16"]
[EventType "team-tourn"]
[EventRounds "9"]
[EventCountry "GER"]
[SourceTitle "EXT 2019"]
[Source "ChessBase"]
[SourceDate "2018.10.10"]
[SourceVersion "1"]
[SourceVersionDate "2018.10.10"]
[SourceQuality "1"]
[WhiteTeam "Pang/Rosenheim"]
[BlackTeam "Ebersberg Grafing"]
[WhiteTeamCountry "GER"]
[BlackTeamCountry "GER"]

1. d4 Nf6 2. c4 c6 3. Nf3 d5 4. cxd5 cxd5 5. Qb3 Nc6 6. Nc3 Na5 7. Qb5+ Bd7 8. Qd3 e6 9. Bg5 Be7 10. e3 0-0 11. Be2 a6 12. 0-0 b5 13. Rac1 b4 14. Nb1 Bb5 15. Qd1 Nc4 16. b3 Nd6 17. Ne5 Bxe2 18. Qxe2 Nb5 19. Rc2 h6 20. Nc6 Qd6 21. Bf4 Qd7 22. f3 Nh5 23. Nxe7+ Qxe7 24. Be5 f6 25. Bg3 Nxg3 26. hxg3 e5 27. Qd3 exd4 28. exd4 Rac8 29. Rd1 Rxc2 30. Qxc2 Qe3+ 31. Kh1 Qe6 32. Qc5 Qd6 33. Kg1 Qxc5 34. dxc5 d4 35. Re1 Rc8 36. Nd2 Rxc5 37. Nc4 Nc3 38. Re8+ Kf7 39. Ra8 d3 40. Rd8 Nxa2 41. Rxd3 Nc1 42. Rd7+ Kf8 43. Nd2 a5 44. Kf2 Re5 45. f4 Rc5 46. g4 Rc2 47. Ke1 Rb2 48. Rd5 Nxb3 49. Nxb3 Rxb3 50. Rxa5 Rg3 51. Kf2 Rc3 52. g5 hxg5 53. fxg5 Kf7 54. gxf6 gxf6 55. Rb5 b3 56. g4 Kg6 57. Kg2 Rc2+ 58. Kg3 b2 59. Rb7 Rd2 60. Kf3 Rc2 61. Kg3 Kh6 62. Kf3 Kg6 63. Kg3 Rc3+ 64. Kf4 Rc2 65. Kg3 f5 66. gxf5+ Kxf5 67. Kf3 Ke5 68. Ke3 Rh2 69. Kd3 Kd5 70. Kc3 Kc5 71. Rxb2 Rxb2 72. Kxb2 1/2-1/2

[Event "Subotica-ch"]
[Site "Subotica"]
[Date "2011.03.09"]
[Round "8"]
[White "Guzsvany, Arpad"]
[Black "Scepanovic, Labud"]
[Result "1/2-1/2"]
[WhiteElo "2147"]
[BlackElo "2154"]
[PlyCount "85"]
[EventDate "2011.02.21"]
[EventType "swiss"]
[EventRounds "9"]
[EventCountry "SRB"]
[SourceTitle "CBM 141 Extra"]
[Source "ChessBase"]
[SourceDate "2011.05.03"]
[SourceVersion "1"]
[SourceVersionDate "2011.05.03"]
[SourceQuality "1"]

1. d4 d5 2. c4 c6 3. Nf3 Nf6 4. Nc3 a6 5. e3 e6 6. Bd3 Nbd7 7. 0-0 Bd6 8. e4 dxc4 9. Bxc4 b5 10. e5 bxc4 11. exd6 Nb6 12. Bf4 0-0 13. Ne5 Bb7 14. Bg5 Qxd6 15. Bxf6 gxf6 16. Ne4 Qe7 17. Qg4+ Kh8 18. Qh4 Nd5 19. Ng4 Rg8 20. Ngxf6 Rg7 21. g3 c5 22. dxc5 Rc8 23. Qh6 Nxf6 24. Qxf6 Qxf6 25. Nxf6 Rg5 26. Nd7 Rc7 27. Rfd1 Rd5 28. Nf6 Rxd1+ 29. Rxd1 Rxc5 30. Rd7 Kg7 31. Ne8+ Kf8 32. Nd6 Bd5 33. Rxf7+ Kg8 34. Rf4 c3 35. bxc3 Rxc3 36. Ne4 Rc1+ 37. Kg2 Ra1 38. Kh3 e5 39. Rh4 Kg7 40. Nc3 Bxa2 41. Rb4 Be6+ 42. Kg2 Ra3 43. Rb6 1/2-1/2

[Event "Subotica-ch"]
[Site "Subotica"]
[Date "2011.03.07"]
[Round "7"]
[White "Meszaros, Bela"]
[Black "Guzsvany, Arpad"]
[Result "1/2-1/2"]
[WhiteElo "2307"]
[BlackElo "2147"]
[PlyCount "70"]
[EventDate "2011.02.21"]
[EventType "swiss"]
[EventRounds "9"]
[EventCountry "SRB"]
[SourceTitle "CBM 141 Extra"]
[Source "ChessBase"]
[SourceDate "2011.05.03"]
[SourceVersion "1"]
[SourceVersionDate "2011.05.03"]
[SourceQuality "1"]

1. e4 c6 2. d4 d5 3. exd5 cxd5 4. Bd3 Nc6 5. c3 Qc7 6. Ne2 Bg4 7. f3 Bh5 8. Nf4 Nf6 9. g4 Bg6 10. g5 Nh5 11. Nxd5 Qd6 12. Ne3 Bxd3 13. Qxd3 Qf4 14. 0-0 Qxg5+ 15. Ng2 Qd5 16. Be3 e6 17. Nd2 Be7 18. b4 Rc8 19. Qe2 0-0 20. Nb3 Qf5 21. a3 Bd6 22. Nc5 Bxc5 23. bxc5 b6 24. cxb6 axb6 25. Rab1 Na5 26. Rb5 Qh3 27. Rxb6 Nc4 28. Rb3 Qf5 29. Bc1 Nf6 30. Rb4 Qd5 31. Nf4 Qc6 32. Qe1 Rfe8 33. Nd3 Nd5 34. Rb1 Qa4 35. Nb4 h6 1/2-1/2

[Event "Senta op-A 14th"]
[Site "Senta"]
[Date "2010.07.19"]
[Round "4"]
[White "Suc, Timothy"]
[Black "Guzsvany, Arpad"]
[Result "0-1"]
[WhiteElo "1993"]
[BlackElo "2147"]
[PlyCount "64"]
[EventDate "2010.07.17"]
[EventType "swiss"]
[EventRounds "9"]
[EventCountry "YUG"]
[SourceTitle "CBM 137 Extra"]
[Source "ChessBase"]
[SourceDate "2010.09.01"]
[SourceVersion "1"]
[SourceVersionDate "2010.09.01"]
[SourceQuality "1"]

1. Nf3 d5 2. g3 Nf6 3. Bg2 c6 4. 0-0 Bg4 5. d3 Nbd7 6. c4 e6 7. cxd5 exd5 8. Nc3 Bd6 9. Qc2 0-0 10. e4 Qa5 11. h3 Bxf3 12. Bxf3 Qc5 13. d4 Qxd4 14. Rd1 Qb6 15. Be3 Qc7 16. exd5 cxd5 17. Qf5 Bc5 18. Nxd5 Nxd5 19. Rxd5 Bxe3 20. Rxd7 Qxg3+ 21. Bg2 Bb6 22. Rxb7 Qh4 23. Rd1 Rae8 24. Qf3 Re6 25. Rd5 g6 26. Rd2 Rf6 27. Qg4 Bxf2+ 28. Kh2 Qh6 29. Re2 Qc1 30. Rxf2 Rxf2 31. Rxa7 Qxb2 32. a4 Qb8+ 0-1

[Event "Vojvodina-chT"]
[Site "Sombor"]
[Date "2009.10.03"]
[Round "10"]
[White "Guzsvany, Arpad"]
[Black "Kotrla, Stefan"]
[Result "1-0"]
[WhiteElo "2130"]
[BlackElo "1923"]
[PlyCount "79"]
[EventDate "2009.09.27"]
[EventType "team-swiss"]
[EventRounds "11"]
[EventCountry "YUG"]
[SourceTitle "EXT 2012"]
[Source "ChessBase"]
[SourceDate "2011.11.24"]
[SourceVersion "1"]
[SourceVersionDate "2011.11.24"]
[SourceQuality "1"]

1. d4 Nf6 2. c4 e6 3. Nc3 d5 4. Nf3 Be7 5. Bf4 0-0 6. e3 Nbd7 7. c5 c6 8. Bd3 b6 9. b4 a5 10. a3 Ba6 11. 0-0 Bxd3 12. Qxd3 Nh5 13. Ne5 Nxe5 14. Bxe5 f6 15. Bg3 axb4 16. axb4 b5 17. Ne2 Qd7 18. Qc3 Qb7 19. Bd6 g6 20. Bxe7 Qxe7 21. Ra3 Qb7 22. Rfa1 Ng7 23. R1a2 Nf5 24. Qa1 Rxa3 25. Rxa3 Rf7 26. Ra8+ Kg7 27. Qa5 Rc7 28. g4 Nh4 29. Nf4 Re7 30. Qd8 Kh6 31. Qf8+ Kg5 32. f3 Nxf3+ 33. Kg2 Nxh2 34. Kxh2 Rf7 35. Nxe6+ Kxg4 36. Qh6 Kf3 37. Qf4+ Ke2 38. Ra2+ Kd3 39. Ra3+ Kc4 40. Qf1+ 1-0

[Event "Vojvodina-chT"]
[Site "Sombor"]
[Date "2009.10.01"]
[Round "7"]
[White "Kostic, V Vladimir"]
[Black "Guzsvany, Arpad"]
[Result "1/2-1/2"]
[WhiteElo "2296"]
[BlackElo "2130"]
[PlyCount "93"]
[EventDate "2009.09.27"]
[EventType "team-swiss"]
[EventRounds "11"]
[EventCountry "YUG"]
[SourceTitle "EXT 2012"]
[Source "ChessBase"]
[SourceDate "2011.11.24"]
[SourceVersion "1"]
[SourceVersionDate "2011.11.24"]
[SourceQuality "1"]

1. c4 c6 2. g3 Nf6 3. Nf3 d5 4. b3 Bg4 5. Bg2 e6 6. Bb2 Nbd7 7. 0-0 Be7 8. d3 0-0 9. Nbd2 h6 10. Rc1 Re8 11. Rc2 Bd6 12. Qc1 e5 13. cxd5 cxd5 14. e4 dxe4 15. Nxe4 Nxe4 16. dxe4 Rc8 17. h3 Be6 18. Rd1 Rxc2 19. Qxc2 Qb6 20. Nd2 Bc5 21. Nb1 Bf8 22. Bf1 Qc5 23. Qxc5 Bxc5 24. Na3 a6 25. Nc4 Bxc4 26. Bxc4 Nb6 27. Bd5 Re7 28. Rc1 Bd6 29. Rd1 Nxd5 30. Rxd5 Re6 31. Rd1 Kf8 32. Kf1 Ke8 33. Ke2 Be7 34. Rd5 f6 35. Rd3 Rc6 36. Rc3 Rxc3 37. Bxc3 Bd6 38. Kf3 Kf7 39. Kg4 g6 40. Kf3 h5 41. g4 hxg4+ 42. Kxg4 Ke6 43. f3 Bc5 44. h4 Be3 45. h5 gxh5+ 46. Kxh5 Kf7 47. Kg4 1/2-1/2

[Event "Vojvodina-chT"]
[Site "Sombor"]
[Date "2009.09.27"]
[Round "1"]
[White "Guzsvany, Arpad"]
[Black "Krstic, Petar"]
[Result "1-0"]
[WhiteElo "2130"]
[BlackElo "2333"]
[PlyCount "130"]
[EventDate "2009.09.27"]
[EventType "team-swiss"]
[EventRounds "11"]
[EventCountry "YUG"]
[SourceTitle "EXT 2012"]
[Source "ChessBase"]
[SourceDate "2011.11.24"]
[SourceVersion "1"]
[SourceVersionDate "2011.11.24"]
[SourceQuality "1"]

1. d4 e6 2. c4 b6 3. e4 Bb7 4. Qc2 Qh4 5. d5 f5 6. exf5 exd5 7. cxd5 Bxd5 8. Qxc7 Bb4+ 9. Bd2 Qe4+ 10. Ne2 Ne7 11. Qf4 Bxd2+ 12. Nxd2 Qxf5 13. Qxf5 Nxf5 14. Nf4 Bb7 15. Bd3 0-0 16. 0-0 Na6 17. Bc4+ Kh8 18. Bd5 Bxd5 19. Nxd5 Nd4 20. Nb3 Ne6 21. Rfd1 Rac8 22. Rac1 Nac5 23. Nxc5 bxc5 24. Rd2 Rfe8 25. Kf1 d6 26. Nc3 Nd4 27. Ne2 Nxe2 28. Rxe2 Rxe2 29. Kxe2 Kg8 30. Kd3 Re8 31. Rc4 Rb8 32. b3 Kf7 33. Re4 Kf6 34. f3 d5 35. Ra4 Rb7 36. Ra6+ Ke5 37. Rc6 Rb5 38. Rc7 Ra5 39. a4 Kf6 40. Kc3 h5 41. Rd7 c4 42. Kb4 Ra6 43. Rxd5 cxb3 44. Kxb3 g6 45. Rd7 Rb6+ 46. Kc3 Ra6 47. Rd4 Rb6 48. Rb4 Rc6+ 49. Kd2 Rc5 50. h4 Rd5+ 51. Ke3 Re5+ 52. Re4 Rc5 53. g4 hxg4 54. fxg4 Rc1 55. Rd4 Rh1 56. Rd6+ Ke5 57. Rxg6 Rh3+ 58. Kd2 Rxh4 59. Kc3 Kf4 60. Kb4 Rh7 61. Kb5 Rf7 62. a5 Re7 63. Rg8 Re6 64. a6 Rb6+ 65. Ka5 Rb1 1-0

[Event "Senta op-A 13th"]
[Site "Senta"]
[Date "2009.07.19"]
[Round "2"]
[White "Simonyi, Zoltan"]
[Black "Guzsvany, Arpad"]
[Result "0-1"]
[WhiteElo "2249"]
[BlackElo "2104"]
[PlyCount "116"]
[EventDate "2009.07.18"]
[EventType "swiss"]
[EventRounds "9"]
[EventCountry "YUG"]
[SourceTitle "CBM 131 Extra"]
[Source "ChessBase"]
[SourceDate "2009.09.03"]
[SourceVersion "2"]
[SourceVersionDate "2009.09.16"]
[SourceQuality "1"]

1. e4 c5 2. c4 Nc6 3. Nc3 e6 4. g3 g6 5. a3 Bg7 6. Rb1 Nge7 7. Bg2 0-0 8. Nge2 Nd4 9. b4 d6 10. d3 Nec6 11. h4 Nxe2 12. Nxe2 h5 13. Bg5 Qe8 14. Qd2 e5 15. Bf3 a5 16. bxc5 dxc5 17. Rb5 f6 18. Be3 Nd4 19. Bxd4 cxd4 20. Rxa5 Bd7 21. 0-0 b5 22. c5 Qe6 23. Rb1 Bc6 24. Nc1 Rxa5 25. Qxa5 Ra8 26. Qb4 Bf8 27. Bd1 Qe7 28. Ne2 Qa7 29. Qb3+ Kg7 30. Rc1 Qf7 31. Qb2 Qa7 32. Qa2 Qf7 33. Bb3 Qa7 34. Bg8 b4 35. a4 Qc7 36. Bb3 Ra5 37. Qd2 Bxc5 38. Qc2 Qd7 39. Qc4 Qe8 40. f4 Bxa4 41. Bxa4 Qxa4 42. fxe5 fxe5 43. Qe6 b3 44. Qxe5+ Kh7 45. Qc7+ Kh6 46. Qb8 Kg7 47. Qc7+ Kh6 48. Qf4+ Kg7 49. Rf1 Qd7 50. Qf6+ Kh7 51. Nf4 Qg4 52. Qf7+ Kh6 53. Qg8 Ra7 54. Qxb3 Qxg3+ 55. Ng2 Bd6 56. Rf6 Ra1+ 57. Rf1 Qh2+ 58. Kf2 Bg3+ 0-1

[Event "Senta op-A 12th"]
[Site "Senta"]
[Date "2008.07.20"]
[Round "5"]
[White "Guzsvany, Arpad"]
[Black "Kolbert, Engelbert"]
[Result "0-1"]
[WhiteElo "2068"]
[BlackElo "2218"]
[PlyCount "56"]
[EventDate "2008.07.18"]
[EventType "swiss"]
[EventRounds "9"]
[EventCountry "YUG"]
[SourceTitle "CBM 125 Extra"]
[Source "ChessBase"]
[SourceDate "2008.09.01"]
[SourceVersion "1"]
[SourceVersionDate "2008.09.01"]
[SourceQuality "1"]

1. d4 Nf6 2. c4 g6 3. Nc3 Bg7 4. e4 d6 5. Be2 0-0 6. Bg5 c5 7. d5 e6 8. Qd2 exd5 9. exd5 Re8 10. Nf3 Nbd7 11. 0-0 Ne5 12. Nxe5 Rxe5 13. Bf4 Re8 14. h3 Bf5 15. Bd3 Bxd3 16. Qxd3 Nh5 17. Bh2 f5 18. Rae1 Qd7 19. Qd2 a6 20. a4 Rf8 21. Re6 f4 22. Ne4 Qxa4 23. Nxd6 Bd4 24. Qe2 Ng3 25. Bxg3 fxg3 26. Re7 Rxf2 27. Qe6+ Kh8 28. Re1 Raf8 0-1

[Event "Subotica-ch"]
[Site "Subotica"]
[Date "2008.03.05"]
[Round "8"]
[White "Guzsvany, Arpad"]
[Black "Jovicic, Aleksandar"]
[Result "0-1"]
[WhiteElo "2065"]
[BlackElo "2063"]
[PlyCount "150"]
[EventDate "2008.02.18"]
[EventType "swiss"]
[EventRounds "9"]
[EventCountry "YUG"]
[SourceTitle "CBM 123 Extra"]
[Source "ChessBase"]
[SourceDate "2008.05.06"]
[SourceVersion "1"]
[SourceVersionDate "2008.05.06"]
[SourceQuality "1"]

1. d4 Nf6 2. c4 e6 3. Nc3 b6 4. e4 Bb7 5. Bd3 c5 6. d5 d6 7. Nf3 e5 8. 0-0 Be7 9. Ne1 0-0 10. f4 exf4 11. Bxf4 Nbd7 12. Nf3 Ng4 13. h3 Nge5 14. Nxe5 Nxe5 15. Bxe5 dxe5 16. a4 Bg5 17. a5 Rb8 18. axb6 axb6 19. Qf3 Bc8 20. Ra7 Rb7 21. Rxb7 Bxb7 22. Bc2 Bc8 23. Na4 Qd6 24. Qg3 Bd8 25. Bd1 h6 26. Nc3 Bd7 27. Bg4 Be8 28. Bd1 Bg5 29. Ba4 Bf4 30. Qd3 Bxa4 31. Nxa4 Bg5 32. Qb3 Bd8 33. Qg3 Bg5 34. Qb3 Bd8 35. Nc3 Qg6 36. Qc2 Qg3 37. Qe2 Qh4 38. Qg4 Qe7 39. Nb5 Bc7 40. Ra1 g6 41. b3 Kg7 42. Rd1 Bd6 43. Ra1 Bb8 44. Qd1 Rd8 45. Ra6 Qb7 46. Qa1 Rf8 47. Ra2 Qe7 48. Rd2 Bd6 49. Rf2 Bb8 50. Rd2 Bd6 51. Qa7 Qd8 52. Ra2 Bb8 53. Qb7 Qg5 54. Qxb6 Qc1+ 55. Kh2 Qf4+ 56. g3 Qxe4 57. d6 h5 58. d7 Qd3 59. Qxc5 h4 60. Qf2 hxg3+ 61. Qxg3 e4 62. Nc7 Qxg3+ 63. Kxg3 Bxc7+ 64. Kf2 Rd8 65. Rd2 f5 66. c5 g5 67. b4 e3+ 68. Kxe3 Bf4+ 69. Ke2 Bxd2 70. Kxd2 Rxd7+ 71. Kc3 f4 72. c6 Rd8 73. b5 f3 74. c7 Rc8 75. b6 f2 0-1

[Event "Subotica-ch"]
[Site "Subotica"]
[Date "2008.02.27"]
[Round "5"]
[White "Kosa, Jeno"]
[Black "Guzsvany, Arpad"]
[Result "1/2-1/2"]
[WhiteElo "2136"]
[BlackElo "2065"]
[PlyCount "28"]
[EventDate "2008.02.18"]
[EventType "swiss"]
[EventRounds "9"]
[EventCountry "YUG"]
[SourceTitle "CBM 123 Extra"]
[Source "ChessBase"]
[SourceDate "2008.05.06"]
[SourceVersion "1"]
[SourceVersionDate "2008.05.06"]
[SourceQuality "1"]

1. e4 c5 2. Nf3 e6 3. c4 Nc6 4. Nc3 a6 5. Be2 Qc7 6. 0-0 Nf6 7. d3 Be7 8. Bg5 0-0 9. Rc1 Nd4 10. Qd2 Nxe2+ 11. Qxe2 d6 12. Rfd1 e5 13. h3 Be6 14. b3 Ne8 1/2-1/2

[Event "Subotica-ch"]
[Site "Subotica"]
[Date "2008.02.20"]
[Round "2"]
[White "Guzsvany, Arpad"]
[Black "Sedlak, Ivan"]
[Result "1/2-1/2"]
[WhiteElo "2065"]
[BlackElo "2166"]
[PlyCount "25"]
[EventDate "2008.02.18"]
[EventType "swiss"]
[EventRounds "9"]
[EventCountry "YUG"]
[SourceTitle "CBM 123 Extra"]
[Source "ChessBase"]
[SourceDate "2008.05.06"]
[SourceVersion "1"]
[SourceVersionDate "2008.05.06"]
[SourceQuality "1"]

1. d4 Nf6 2. c4 e6 3. Nc3 Bb4 4. e3 0-0 5. Nge2 d5 6. a3 Bxc3+ 7. Nxc3 b6 8. Be2 Bb7 9. 0-0 Nbd7 10. cxd5 exd5 11. b4 Ne4 12. Nxe4 dxe4 13. Bb2 1/2-1/2

[Event "Senta op-A 11th"]
[Site "Senta"]
[Date "2007.07.23"]
[Round "4"]
[White "Cvetkovic, Nemanja"]
[Black "Guzsvany, Arpad"]
[Result "1-0"]
[WhiteElo "2276"]
[BlackElo "2049"]
[PlyCount "95"]
[EventDate "2007.07.21"]
[EventType "swiss"]
[EventRounds "9"]
[EventCountry "YUG"]
[SourceTitle "CBM 119 Extra"]
[Source "ChessBase"]
[SourceDate "2007.09.04"]
[SourceVersion "1"]
[SourceVersionDate "2007.09.04"]
[SourceQuality "1"]

1. d4 d5 2. c4 c6 3. Nc3 Nf6 4. Nf3 a6 5. e3 b5 6. cxd5 cxd5 7. Bd3 e6 8. 0-0 Nbd7 9. Ne5 Bd6 10. f4 0-0 11. Bd2 Bb7 12. Be1 Ne4 13. Nxe4 dxe4 14. Be2 f6 15. Ba5 Qe7 16. Nxd7 Qxd7 17. Rc1 Rfc8 18. Qd2 Bd5 19. a3 Rxc1 20. Rxc1 Rc8 21. Kf2 Rxc1 22. Qxc1 e5 23. dxe5 fxe5 24. Qd2 Qf7 25. g3 exf4 26. gxf4 g5 27. Bh5 Qf5 28. Bg4 Qf7 29. f5 h5 30. Bxh5 Qxf5+ 31. Kg1 Bc4 32. Qg2 Bc5 33. Bd2 Bf7 34. Be2 Kf8 35. Qg3 Qf4 36. Qh3 Ke7 37. Kg2 Qd6 38. Bc3 Qe6 39. Qg3 Qf5 40. Bg4 Qd5 41. Qc7+ Ke8 42. Qc8+ Ke7 43. Qxa6 Bxe3 44. Bb4+ Bc5 45. Qa7+ Kd6 46. Qb6+ Ke5 47. Qxc5 e3+ 48. Bf3 1-0

[Event "Senta op-A 11th"]
[Site "Senta"]
[Date "2007.07.22"]
[Round "2"]
[White "Arbutina, Sinisa"]
[Black "Guzsvany, Arpad"]
[Result "1/2-1/2"]
[WhiteElo "2320"]
[BlackElo "2049"]
[PlyCount "108"]
[EventDate "2007.07.21"]
[EventType "swiss"]
[EventRounds "9"]
[EventCountry "YUG"]
[SourceTitle "CBM 119 Extra"]
[Source "ChessBase"]
[SourceDate "2007.09.04"]
[SourceVersion "1"]
[SourceVersionDate "2007.09.04"]
[SourceQuality "1"]

1. d4 d5 2. c4 c6 3. Nc3 Nf6 4. Nf3 a6 5. a4 e6 6. Bf4 c5 7. e3 Nc6 8. Be2 Be7 9. dxc5 Bxc5 10. 0-0 0-0 11. cxd5 Nxd5 12. Nxd5 exd5 13. Rc1 Bd6 14. Bxd6 Qxd6 15. Qb3 Rb8 16. Qb6 Bd7 17. Rc5 Rfc8 18. b4 Qe7 19. b5 axb5 20. axb5 Qd8 21. Qxd8+ Nxd8 22. Rxd5 Bg4 23. h3 Bxf3 24. Bxf3 b6 25. Rfd1 Nb7 26. Rd7 Nc5 27. R7d6 Kf8 28. Bg4 Rc7 29. Rd8+ Rxd8 30. Rxd8+ Ke7 31. Rb8 Rb7 32. Rh8 h6 33. Bf3 Ra7 34. Rb8 Na4 35. Bc6 Kd6 36. Rd8+ Kc5 37. Rd3 Kb4 38. Rd4+ Kc5 39. Rd2 Nc3 40. Rc2 Kb4 41. g4 f6 42. h4 Ra2 43. Rxa2 Nxa2 44. Kg2 Nc3 45. Kf3 Nxb5 46. Kf4 Nd6 47. g5 hxg5+ 48. hxg5 Kc5 49. Bf3 b5 50. gxf6 gxf6 51. Bd1 b4 52. Bb3 Ne8 53. f3 Nd6 54. Ba2 Nc4 1/2-1/2

[Event "Senta op-A 11th"]
[Site "Senta"]
[Date "2007.07.22"]
[Round "3"]
[White "Guzsvany, Arpad"]
[Black "Andrijevic, Milan"]
[Result "1/2-1/2"]
[WhiteElo "2049"]
[BlackElo "2338"]
[PlyCount "107"]
[EventDate "2007.07.21"]
[EventType "swiss"]
[EventRounds "9"]
[EventCountry "YUG"]
[SourceTitle "CBM 119 Extra"]
[Source "ChessBase"]
[SourceDate "2007.09.04"]
[SourceVersion "1"]
[SourceVersionDate "2007.09.04"]
[SourceQuality "1"]

1. d4 Nf6 2. c4 e6 3. Nc3 d5 4. Bg5 Be7 5. Nf3 0-0 6. e3 h6 7. Bh4 Ne4 8. Bxe7 Qxe7 9. cxd5 Nxc3 10. bxc3 exd5 11. Qb3 Qd6 12. c4 dxc4 13. Bxc4 Nc6 14. Be2 Be6 15. Qc3 Qb4 16. Qd2 Rfd8 17. 0-0 Qxd2 18. Nxd2 Nb4 19. Bc4 c5 20. Bxe6 fxe6 21. Nb3 cxd4 22. Nxd4 e5 23. Nf3 Nc6 24. Rfd1 Kf7 25. Kf1 Ke6 26. Ke2 Rxd1 27. Rxd1 Rc8 28. Rc1 Ne7 29. Rxc8 Nxc8 30. Kd3 Nd6 31. Nd2 Kd5 32. f3 g5 33. h3 b5 34. Nb3 b4 35. Nd2 a5 36. g3 a4 37. h4 gxh4 38. gxh4 h5 39. e4+ Kc5 40. Nf1 Nb5 41. Ng3 b3 42. axb3 axb3 43. Nxh5 Kb4 44. Ng3 b2 45. Kc2 Ka3 46. Nf1 Nd4+ 47. Kb1 Nxf3 48. h5 Kb3 49. h6 Ng5 50. Nd2+ Kc3 51. h7 Nxh7 52. Nf3 Nf6 53. Nxe5 Nxe4 54. Nc4 1/2-1/2